| 000 | 00498nam a2200169Ia 4500 | ||
|---|---|---|---|
| 999 |
_c15174 _d15174 |
||
| 003 | OSt | ||
| 005 | 20201117154055.0 | ||
| 008 | 190216s9999||||xx |||||||||||||| ||und|| | ||
| 040 | _coclc | ||
| 082 |
_a428.34 _bIYE/B |
||
| 100 |
_a Iyer, Subramania _96585 |
||
| 245 | 0 |
_aBalaji`S Book Of English Conversation / _cSubramania Iyer |
|
| 250 | _a10th Ed. | ||
| 260 |
_bBalaji Publications, _c2004. _aChennai; |
||
| 300 | _a248p | ||
| 942 |
_cBK _2ddc _h428.34 _iIYE/B _k428.34 _mIYE/B |
||